[Event "CAN-ch U20"]
[Site "Mississauga CAN"]
[Date "2017.08.11"]
[Round "4.12"]
[White "Gilani, Mysha"]
[Black "Xu, Daniel"]
[Result "1/2-1/2"]
[WhiteElo "1643"]
[BlackElo "1895"]
[WhiteFideId "-1"]
[WhiteFideId "-1"]
[PlyCount "99"]
[GameId "2160767908347465"]
[EventDate "2017.08.09"]
[EventType "swiss"]
[EventRounds "7"]
[EventCountry "CAN"]
[SourceTitle "hb 2017"]

1. d4 d5 2. c4 c6 3. Nc3 Nf6 4. Bg5 e6 5. e3 Be7 6. Bd3 Nbd7 7. Nf3 O-O 8. O-O b6 9. cxd5 cxd5 10. Rc1 Bb7 11. Bh4 a6 12. Qe2 Ne4 13. Bxe7 Qxe7 14. Bxe4 dxe4 15. Nd2 f5 16. Qc4 b5 17. Qc7 Rab8 18. Qg3 e5 19. Ne2 Rbc8 20. dxe5 Nxe5 21. Nf4 Rfd8 22. Nb3 Rxc1 23. Rxc1 Nc4 24. Nd4 Nd6 25. Nfe6 Rc8 26. Rxc8+ Bxc8 27. Nxg7 Qxg7 28. Qxd6 Qd7 29. Qg3+ Qg7 30. Qb8 Qf8 31. Nc6 Bd7 32. Qb6 Qd6 33. Qd8+ Kg7 34. Nd4 Kf7 35. h4 Qe7 36. Qxe7+ Kxe7 37. f3 exf3 38. gxf3 Kd6 39. Kg2 Ke5 40. Nb3 Be6 41. f4+ Kd6 42. Nd4 Bd7 43. Kf3 Kd5 44. b3 a5 45. Nc2 Kc5 46. Ke2 Bc6 47. Kd2 Be4 48. a3 a4 49. Kc3 axb3 50. Kxb3 1/2-1/2

[Event "CAN-ch U20"]
[Site "Mississauga CAN"]
[Date "2017.08.11"]
[Round "4.13"]
[White "Rusonik, Max"]
[Black "Tao, Ellen"]
[Result "1-0"]
[WhiteElo "1880"]
[BlackElo "1618"]
[WhiteFideId "-1"]
[WhiteFideId "-1"]
[PlyCount "79"]
[GameId "2160767908347466"]
[EventDate "2017.08.09"]
[EventType "swiss"]
[EventRounds "7"]
[EventCountry "CAN"]
[SourceTitle "hb 2017"]

1. e4 c5 2. Nf3 Nc6 3. d4 cxd4 4. Nxd4 Qb6 5. Nb3 Nf6 6. Nc3 e6 7. Be3 Qc7 8. f3 b6 9. Qd2 Be7 10. O-O-O Bb7 11. Nb5 Qb8 12. Nd6+ Bxd6 13. Qxd6 Qxd6 14. Rxd6 Ke7 15. Rd1 Rhd8 16. g4 Rac8 17. Nd4 Ne8 18. Nb5 d5 19. exd5 Rxd5 20. Rxd5 exd5 21. Bg2 Nd6 22. Nxd6 Kxd6 23. Rd1 Ne7 24. f4 Ba6 25. Rd2 Bb7 26. h4 f5 27. g5 g6 28. Bd4 Re8 29. Re2 Rc8 30. Be5+ Kd7 31. Kd1 Ba6 32. Re3 Bb7 33. b3 Ba6 34. Bf6 Ng8 35. Bxd5 Nxf6 36. Be6+ Kd8 37. gxf6 Rb8 38. f7 Kc7 39. Bc8 Rxc8 40. Re8 1-0

[Event "CAN-ch U20"]
[Site "Mississauga CAN"]
[Date "2017.08.11"]
[Round "4.15"]
[White "Cui, Cynthia"]
[Black "Liu, Henry"]
[Result "1/2-1/2"]
[WhiteElo "1767"]
[BlackElo "1598"]
[WhiteFideId "-1"]
[WhiteFideId "-1"]
[PlyCount "126"]
[GameId "2160767908347468"]
[EventDate "2017.08.09"]
[EventType "swiss"]
[EventRounds "7"]
[EventCountry "CAN"]
[SourceTitle "hb 2017"]

1. c4 Nf6 2. Nf3 g6 3. b4 Bg7 4. Bb2 O-O 5. g3 a6 6. Bg2 Nc6 7. Qb3 d6 8. O-O e5 9. d3 h6 10. Nc3 Be6 11. b5 Na5 12. Qc2 axb5 13. Nxb5 Nc6 14. a4 Nh7 15. e3 f5 16. d4 e4 17. Ne1 Bd7 18. d5 Ne5 19. Nd4 Qe7 20. a5 g5 21. Qe2 Nf6 22. Nb3 h5 23. Nd2 Kf7 24. f3 exf3 25. Nexf3 Nxf3+ 26. Nxf3 Ng4 27. Bxg7 Kxg7 28. Qb2+ Kg6 29. Rfe1 Rab8 30. Qd4 Ne5 31. Nxe5+ dxe5 32. Qd3 Rh8 33. Rf1 e4 34. Qe2 h4 35. Qf2 Qe5 36. a6 b6 37. a7 Ra8 38. g4 Rhf8 39. gxf5+ Rxf5 40. Qe2 Rxf1+ 41. Qxf1 Bf5 42. Ra6 Qc3 43. Qe2 g4 44. Ra2 Qe5 45. Qf2 g3 46. hxg3 Qxg3 47. Qxg3+ hxg3 48. Bf1 Kg5 49. c5 Bc8 50. Bb5 Bb7 51. cxb6 Bxd5 52. Rd2 Bb7 53. bxc7 Rxa7 54. Bd7 Ra1+ 55. Kg2 Rc1 56. c8=Q Bxc8 57. Bxc8 Rxc8 58. Kxg3 Rc4 59. Rd5+ Kf6 60. Kf4 Rb4 61. Re5 Rc4 62. Re8 Rb4 63. Rxe4 Rxe4+ 1/2-1/2

[Event "CAN-ch U20"]
[Site "Mississauga CAN"]
[Date "2017.08.11"]
[Round "4.16"]
[White "Liao, Joseph"]
[Black "Surya, Benito"]
[Result "0-1"]
[WhiteElo "1717"]
[BlackElo "1998"]
[WhiteFideId "-1"]
[WhiteFideId "-1"]
[PlyCount "86"]
[GameId "2160767908347469"]
[EventDate "2017.08.09"]
[EventType "swiss"]
[EventRounds "7"]
[EventCountry "CAN"]
[SourceTitle "hb 2017"]

1. e4 d5 2. exd5 Qxd5 3. Nc3 Qa5 4. d4 Nf6 5. Nf3 Bg4 6. h3 Bh5 7. g4 Bg6 8. Ne5 e6 9. Bg2 c6 10. h4 Nbd7 11. Nxd7 Kxd7 12. Bd2 h6 13. Nd5 Qd8 14. Nxf6+ Qxf6 15. Be3 Bd6 16. Qd2 Qe7 17. O-O-O h5 18. g5 Bf5 19. Bf3 g6 20. Qe2 Rhd8 21. Rhe1 Ke8 22. Bd2 Kf8 23. Bc3 Bb4 24. Qd2 Bxc3 25. Qxc3 Kg8 26. Qb3 Qc7 27. Qc3 Rd7 28. Kb1 Rad8 29. Qe3 Qb6 30. Kc1 Rxd4 31. Rxd4 Qxd4 32. Qxd4 Rxd4 33. Rd1 Rxh4 34. Rd8+ Kg7 35. Rd7 Rf4 36. Bd1 h4 37. Rd2 Bg4 38. f3 Bxf3 39. Bxf3 Rxf3 40. Rh2 Rf4 41. Kd2 f6 42. gxf6+ Kxf6 43. Ke3 g5 0-1

[Event "CAN-ch U20"]
[Site "Mississauga CAN"]
[Date "2017.08.11"]
[Round "5.3"]
[White "Dukic, Zachary"]
[Black "Li, William"]
[Result "1/2-1/2"]
[WhiteElo "2238"]
[BlackElo "2142"]
[WhiteFideId "-1"]
[WhiteFideId "-1"]
[PlyCount "120"]
[GameId "2160767908347473"]
[EventDate "2017.08.09"]
[EventType "swiss"]
[EventRounds "7"]
[EventCountry "CAN"]
[SourceTitle "hb 2017"]

1. e4 c5 2. Nf3 d6 3. d4 cxd4 4. Nxd4 Nf6 5. Nc3 a6 6. Bg5 e6 7. f4 b5 8. e5 dxe5 9. fxe5 Qc7 10. exf6 Qe5+ 11. Be2 Qxg5 12. O-O Ra7 13. Nf3 Qxf6 14. Ne4 Qf4 15. Nfg5 Qe3+ 16. Kh1 Be7 17. Rf3 Qb6 18. Rxf7 Bxg5 19. Rxa7 Qxa7 20. Nxg5 Qe7 21. Qd2 O-O 22. Bd3 g6 23. Re1 e5 24. Nf3 Bb7 25. Be4 Bxe4 26. Rxe4 Qe6 27. b3 Nc6 28. Qe2 Qd5 29. h3 Rf4 30. Rxf4 exf4 31. c4 bxc4 32. Qxc4 Qxc4 33. bxc4 Kf8 34. Ng5 Ke7 35. Nxh7 Kd6 36. Ng5 Kc5 37. Ne6+ Kxc4 38. Nxf4 Ne7 39. g4 Kb4 40. g5 Ka3 41. Nd3 Kxa2 42. Nb4+ Kb3 43. Nxa6 Kc4 44. Kg2 Kd5 45. Kf3 Ke5 46. Kg4 Ke6 47. Nc5+ Kf7 48. Kf4 Nf5 49. Nd7 Ne7 50. h4 Ke6 51. Nc5+ Kd5 52. Nd3 Ke6 53. Ke4 Nf5 54. Nf4+ Kf7 55. Ng2 Ke6 56. Kf4 Ne7 57. Ne3 Nc6 58. Nc4 Ne7 59. Ne5 Nd5+ 60. Ke4 Nc3+ 1/2-1/2

[Event "CAN-ch U20"]
[Site "Mississauga CAN"]
[Date "2017.08.11"]
[Round "5.4"]
[White "Zhao, Harry"]
[Black "Chen, Max"]
[Result "1/2-1/2"]
[WhiteElo "2195"]
[BlackElo "1987"]
[WhiteFideId "-1"]
[WhiteFideId "-1"]
[PlyCount "78"]
[GameId "2160767908347474"]
[EventDate "2017.08.09"]
[EventType "swiss"]
[EventRounds "7"]
[EventCountry "CAN"]
[SourceTitle "hb 2017"]

1. d4 Nf6 2. Nf3 d5 3. e3 e6 4. Bd3 Nbd7 5. b3 b6 6. Bb2 Bb7 7. O-O Bd6 8. Ne5 O-O 9. Nd2 c5 10. c4 Qe7 11. Rc1 Rac8 12. Re1 Rfd8 13. Qe2 h6 14. Bb1 Bb8 15. f4 Ne4 16. Nxe4 dxe4 17. g4 Nf8 18. d5 exd5 19. cxd5 Bxd5 20. Red1 Bb7 21. Qg2 Nd7 22. Bxe4 Bxe4 23. Qxe4 Nxe5 24. fxe5 Rxd1+ 25. Rxd1 Re8 26. e6 fxe6 27. Qc6 Rd8 28. Rxd8+ Qxd8 29. Qxe6+ Kh7 30. Qf5+ Kh8 31. Qf3 Qd6 32. Qe2 Qe6 33. e4 Be5 34. Bxe5 Qxe5 35. Kg2 Kh7 36. Qd3 Kg6 37. Kf3 Qf6+ 38. Ke3 Qg5+ 39. Kf3 Qf6+ 1/2-1/2

[Event "CAN-ch U20"]
[Site "Mississauga CAN"]
[Date "2017.08.11"]
[Round "5.5"]
[White "Hua, Eugene"]
[Black "Ning, Eric"]
[Result "1-0"]
[WhiteElo "2329"]
[BlackElo "1926"]
[WhiteFideId "-1"]
[WhiteFideId "-1"]
[PlyCount "65"]
[GameId "2160767908347475"]
[EventDate "2017.08.09"]
[EventType "swiss"]
[EventRounds "7"]
[EventCountry "CAN"]
[SourceTitle "hb 2017"]

1. e4 c5 2. Nf3 Nc6 3. Bb5 g6 4. Bxc6 bxc6 5. O-O Bg7 6. Re1 e5 7. c3 Ne7 8. d4 cxd4 9. cxd4 exd4 10. Nxd4 O-O 11. Nc3 Rb8 12. Nb3 Qc7 13. Bg5 d6 14. Rc1 Qd7 15. e5 d5 16. Nc5 Qc7 17. Qd2 Re8 18. Bf4 Qa5 19. e6 Rb4 20. exf7+ Kxf7 21. Bd6 Nf5 22. Rxe8 Kxe8 23. Nxd5 cxd5 24. Re1+ Kf7 25. Qxd5+ Kf6 26. Nd7+ Bxd7 27. Qxa5 Rb6 28. Qe5+ Kf7 29. Qd5+ Kf6 30. Be5+ Kg5 31. Qxd7 Bxe5 32. Rxe5 Rd6 33. Qxd6 1-0

[Event "CAN-ch U20"]
[Site "Mississauga CAN"]
[Date "2017.08.11"]
[Round "5.6"]
[White "Kang, Dorian"]
[Black "Issani, Nameer"]
[Result "1/2-1/2"]
[WhiteElo "1976"]
[BlackElo "2072"]
[WhiteFideId "-1"]
[WhiteFideId "-1"]
[PlyCount "90"]
[GameId "2160767908347476"]
[EventDate "2017.08.09"]
[EventType "swiss"]
[EventRounds "7"]
[EventCountry "CAN"]
[SourceTitle "hb 2017"]

1. c4 e5 2. Nc3 Bb4 3. Nd5 Bc5 4. e3 c6 5. d4 cxd5 6. dxc5 dxc4 7. Bxc4 Nc6 8. e4 Qa5+ 9. Bd2 Qxc5 10. Rc1 Qe7 11. Ne2 Nf6 12. Nc3 d6 13. Bg5 Be6 14. Bxf6 Qxf6 15. Bxe6 Qxe6 16. Nb5 O-O 17. Nc7 Qg6 18. Nxa8 Qxg2 19. Rf1 Qxe4+ 20. Qe2 Qxe2+ 21. Kxe2 Rxa8 22. Rfd1 Rd8 23. b4 a6 24. Kf1 Kf8 25. Rb1 Nd4 26. a4 b5 27. axb5 axb5 28. Rbc1 Ke7 29. Rc7+ Rd7 30. Rc8 Ke6 31. Ra1 f5 32. Ra6 g5 33. Rb6 g4 34. Kg2 Kd5 35. Rbb8 Ke4 36. Rd8 Rxd8 37. Rxd8 d5 38. Rh8 Kd3 39. Rxh7 Kc4 40. Rd7 e4 41. Rd6 f4 42. Rg6 e3 43. fxe3 fxe3 44. Rxg4 Kd3 45. Rg5 e2 1/2-1/2

[Event "CAN-ch U20"]
[Site "Mississauga CAN"]
[Date "2017.08.11"]
[Round "5.7"]
[White "Nasir, Zehn"]
[Black "Rusonik, Max"]
[Result "1-0"]
[WhiteElo "2221"]
[BlackElo "1880"]
[WhiteFideId "-1"]
[WhiteFideId "-1"]
[PlyCount "77"]
[GameId "2160767908347477"]
[EventDate "2017.08.09"]
[EventType "swiss"]
[EventRounds "7"]
[EventCountry "CAN"]
[SourceTitle "hb 2017"]

1. e4 e5 2. Nf3 Nc6 3. Nc3 Nf6 4. d4 exd4 5. Nxd4 Bb4 6. Nxc6 bxc6 7. Bd3 d5 8. exd5 cxd5 9. O-O O-O 10. h3 h6 11. Qf3 c6 12. Bf4 Bd6 13. Ne2 Be6 14. Rfe1 Re8 15. b3 Qc7 16. Rac1 Bxf4 17. Qxf4 Qxf4 18. Nxf4 d4 19. c4 c5 20. Re5 Nd7 21. Re2 Re7 22. Nd5 Bxd5 23. Rxe7 Be6 24. Re1 Kf8 25. R1xe6 fxe6 26. Rxd7 a5 27. Be4 Ra6 28. a4 Rb6 29. Rb7 Rxb7 30. Bxb7 Ke7 31. Kf1 Kf6 32. Be4 Ke5 33. Bd3 Kf4 34. Ke2 e5 35. g3+ Kg5 36. Kf3 Kf6 37. Ke4 Ke6 38. Bb1 g6 39. Bd3 1-0

[Event "CAN-ch U20"]
[Site "Mississauga CAN"]
[Date "2017.08.11"]
[Round "5.8"]
[White "Yang, Fan"]
[Black "Zhang, Henry"]
[Result "1/2-1/2"]
[WhiteElo "2103"]
[BlackElo "2205"]
[WhiteFideId "-1"]
[WhiteFideId "-1"]
[PlyCount "56"]
[GameId "2160767908347478"]
[EventDate "2017.08.09"]
[EventType "swiss"]
[EventRounds "7"]
[EventCountry "CAN"]
[SourceTitle "hb 2017"]

1. e4 c5 2. Nf3 e6 3. d4 cxd4 4. Nxd4 Nc6 5. Nc3 Qc7 6. a3 a6 7. Be3 Nf6 8. Be2 Be7 9. O-O O-O 10. Kh1 d6 11. f4 Re8 12. Bf3 Rb8 13. Qe1 Bf8 14. Rb1 Bd7 15. Qf2 b5 16. Nxc6 Bxc6 17. Rfd1 b4 18. axb4 Rxb4 19. Rd4 Rxd4 20. Bxd4 e5 21. fxe5 dxe5 22. Bc5 Qb7 23. Bxf8 Rxf8 24. Qe3 Rd8 25. b3 h6 26. Re1 Rd4 27. Ne2 Rd6 28. Ng3 Qd7 1/2-1/2

[Event "CAN-ch U20"]
[Site "Mississauga CAN"]
[Date "2017.08.11"]
[Round "5.9"]
[White "Maulucci, Anthony"]
[Black "Uthayakumar, Ronan"]
[Result "1-0"]
[WhiteElo "1884"]
[BlackElo "1828"]
[WhiteFideId "-1"]
[WhiteFideId "-1"]
[PlyCount "57"]
[GameId "2160767908347479"]
[EventDate "2017.08.09"]
[EventType "swiss"]
[EventRounds "7"]
[EventCountry "CAN"]
[SourceTitle "hb 2017"]

1. d4 d5 2. c4 e6 3. Nc3 c6 4. e3 Nf6 5. Nf3 Nbd7 6. Qc2 Bd6 7. g4 Nxg4 8. Rg1 Nxh2 9. Nxh2 Bxh2 10. Rxg7 Qh4 11. Bd2 Bd6 12. O-O-O f5 13. cxd5 cxd5 14. Nb5 Kf8 15. Rg2 Qe7 16. e4 dxe4 17. Bh6+ Ke8 18. Rg7 Bf4+ 19. Kb1 Qf6 20. Bxf4 Qxg7 21. Nc7+ Ke7 22. Nxa8 Nf6 23. Qc7+ Bd7 24. Bd6+ Kf7 25. Bb5 Rxa8 26. Bxd7 Nxd7 27. Qxd7+ Kg8 28. Qxe6+ Qf7 29. Rg1+ 1-0

[Event "CAN-ch U20"]
[Site "Mississauga CAN"]
[Date "2017.08.11"]
[Round "5.10"]
[White "Huang, Youhe"]
[Black "Noorali, Aahil"]
[Result "1-0"]
[WhiteElo "1680"]
[BlackElo "2008"]
[WhiteFideId "-1"]
[WhiteFideId "-1"]
[PlyCount "55"]
[GameId "2160767908347480"]
[EventDate "2017.08.09"]
[EventType "swiss"]
[EventRounds "7"]
[EventCountry "CAN"]
[SourceTitle "hb 2017"]

1. e4 e5 2. Nf3 Nc6 3. Bc4 Bc5 4. b4 Bxb4 5. c3 Ba5 6. d4 exd4 7. O-O d6 8. cxd4 Nf6 9. e5 dxe5 10. Ba3 Bg4 11. Qb3 Qd7 12. dxe5 Ne4 13. Rd1 Qf5 14. Qxb7 Nd8 15. Bb5+ c6 16. Bxc6+ Nxc6 17. Qxc6+ Qd7 18. Rxd7 Bxd7 19. Qxa8+ Bd8 20. Qxe4 Be7 21. Qa8+ Bd8 22. Nc3 f6 23. Nd5 Kf7 24. Qxa7 Ke6 25. Nd4+ Kxd5 26. Qxd7+ Kxe5 27. Re1+ Kf4 28. Qf5# 1-0

[Event "CAN-ch U20"]
[Site "Mississauga CAN"]
[Date "2017.08.11"]
[Round "5.11"]
[White "Surya, Benito"]
[Black "Jiang, Brian"]
[Result "1/2-1/2"]
[WhiteElo "1998"]
[BlackElo "1827"]
[WhiteFideId "-1"]
[WhiteFideId "-1"]
[PlyCount "141"]
[GameId "2160767908347481"]
[EventDate "2017.08.09"]
[EventType "swiss"]
[EventRounds "7"]
[EventCountry "CAN"]
[SourceTitle "hb 2017"]

1. e4 c5 2. Nf3 Nc6 3. Bb5 g6 4. O-O Bg7 5. Re1 e5 6. Nc3 Nge7 7. d3 O-O 8. h3 h6 9. Be3 d6 10. Qd2 Kh7 11. Nh2 Nd4 12. Bxd4 cxd4 13. Nd5 Nxd5 14. exd5 a6 15. Ba4 b5 16. Bb3 Bb7 17. a4 Qb6 18. c4 dxc3 19. bxc3 bxa4 20. Bc4 Qc5 21. Rxa4 Bxd5 22. Bxa6 Bxg2 23. Rc4 Qb6 24. Kxg2 Rxa6 25. Rb4 Qc6+ 26. f3 Rfa8 27. Reb1 e4 28. d4 exf3+ 29. Nxf3 Ra5 30. Rb6 Qe4 31. R1b2 Re8 32. Rxd6 Rg5+ 33. Kf2 Rf5 34. Qe2 Qh4+ 35. Kg1 Qg3+ 36. Qg2 Rxf3 37. Qxg3 Rxg3+ 38. Kh2 Ree3 39. c4 Rxh3+ 40. Kg2 Rh4 41. Rd2 Ree4 42. d5 Rxc4 43. Rd7 Rhd4 44. Ra2 Rd3 45. Rxf7 Kg8 46. Rd7 Bf8 47. Rd8 Kf7 48. Rf2+ Ke7 49. Rdxf8 Rg4+ 50. Kf1 Rxd5 51. R8f7+ Ke6 52. R7f6+ Ke5 53. Rf8 Rdd4 54. Re2+ Rde4 55. Re8+ Kf5 56. Rf8+ Kg5 57. Rxe4 Rxe4 58. Kg2 h5 59. Ra8 Kg4 60. Ra5 g5 61. Rb5 h4 62. Ra5 Rb4 63. Rc5 Kf4 64. Rc8 Rb2+ 65. Kg1 h3 66. Rc4+ Kg3 67. Rc3+ Kh4 68. Rc4+ g4 69. Ra4 Rb1+ 70. Kh2 Rf1 71. Rxg4+ 1/2-1/2

[Event "CAN-ch U20"]
[Site "Mississauga CAN"]
[Date "2017.08.11"]
[Round "5.12"]
[White "Xu, Daniel"]
[Black "Zheng, Kevin"]
[Result "1/2-1/2"]
[WhiteElo "1895"]
[BlackElo "1874"]
[WhiteFideId "-1"]
[WhiteFideId "-1"]
[PlyCount "79"]
[GameId "2160767908347482"]
[EventDate "2017.08.09"]
[EventType "swiss"]
[EventRounds "7"]
[EventCountry "CAN"]
[SourceTitle "hb 2017"]

1. d4 Nf6 2. Nf3 g6 3. b3 Bg7 4. Bb2 O-O 5. g3 d5 6. Bg2 c5 7. e3 Nc6 8. O-O cxd4 9. Nxd4 Re8 10. Nxc6 bxc6 11. c4 Ba6 12. Re1 Rc8 13. cxd5 cxd5 14. Nd2 e6 15. Rc1 Qa5 16. Rxc8 Rxc8 17. a3 Nd7 18. Bxg7 Kxg7 19. Qa1+ Kg8 20. b4 Qa4 21. Rc1 Rc2 22. Nf3 Qc6 23. Rxc2 Qxc2 24. Nd4 Qa4 25. Bf3 Bc4 26. Bd1 Qa6 27. a4 Qb7 28. Qc3 e5 29. Nf3 f6 30. Nd2 Qc8 31. Nxc4 Qxc4 32. Qb2 Kg7 33. Be2 Qe4 34. Bb5 Nb6 35. a5 Nc4 36. Qc3 Qb1+ 37. Kg2 Qe4+ 38. Kg1 Qb1+ 39. Kg2 Qe4+ 40. Kg1 1/2-1/2

[Event "CAN-ch U20"]
[Site "Mississauga CAN"]
[Date "2017.08.11"]
[Round "5.13"]
[White "Liu, Henry"]
[Black "Gilani, Mysha"]
[Result "0-1"]
[WhiteElo "1598"]
[BlackElo "1643"]
[WhiteFideId "-1"]
[WhiteFideId "-1"]
[PlyCount "44"]
[GameId "2160767908347483"]
[EventDate "2017.08.09"]
[EventType "swiss"]
[EventRounds "7"]
[EventCountry "CAN"]
[SourceTitle "hb 2017"]

1. c4 e5 2. Nc3 Bb4 3. g3 c6 4. Bg2 d6 5. a3 Bxc3 6. dxc3 Nf6 7. Nf3 Be6 8. b3 O-O 9. Bg5 h6 10. Bxf6 Qxf6 11. Qxd6 Nd7 12. Qd2 Nc5 13. Qb2 Bg4 14. O-O Rad8 15. Rad1 Rxd1 16. Rxd1 e4 17. Nd4 Nd3 18. exd3 Bxd1 19. Bxe4 Bh5 20. Bg2 Re8 21. Qd2 c5 22. Nb5 Re2 0-1

[Event "CAN-ch U20"]
[Site "Mississauga CAN"]
[Date "2017.08.11"]
[Round "5.15"]
[White "Tao, Ellen"]
[Black "Cui, Leonardo"]
[Result "0-1"]
[WhiteElo "1618"]
[BlackElo "1872"]
[WhiteFideId "-1"]
[WhiteFideId "-1"]
[PlyCount "30"]
[GameId "2160767908347485"]
[EventDate "2017.08.09"]
[EventType "swiss"]
[EventRounds "7"]
[EventCountry "CAN"]
[SourceTitle "hb 2017"]

1. e4 d6 2. d4 Nf6 3. Nc3 g6 4. f4 Bg7 5. Nf3 O-O 6. Bd3 Na6 7. O-O c5 8. Bxa6 cxd4 9. Nxd4 bxa6 10. Kh1 Bb7 11. Re1 Qc8 12. h3 Rd8 13. Nb3 d5 14. e5 d4 15. Ne2 Qxh3+ 0-1

[Event "CAN-ch U20"]
[Site "Mississauga CAN"]
[Date "2017.08.12"]
[Round "6.1"]
[White "Chen, Richard"]
[Black "Hua, Eugene"]
[Result "0-1"]
[WhiteElo "2324"]
[BlackElo "2329"]
[WhiteFideId "-1"]
[WhiteFideId "-1"]
[PlyCount "74"]
[GameId "2160767908347487"]
[EventDate "2017.08.09"]
[EventType "swiss"]
[EventRounds "7"]
[EventCountry "CAN"]
[SourceTitle "hb 2017"]

1. e4 c5 2. Nf3 e6 3. d3 Nc6 4. g3 Nf6 5. Bg2 e5 6. O-O Be7 7. Nc3 O-O 8. Nd2 d6 9. Nc4 Bg4 10. Qd2 Nd4 11. f4 exf4 12. gxf4 d5 13. exd5 Re8 14. Ne3 Bd6 15. Qf2 Bh5 16. Ne4 Bxf4 17. Kh1 Bxe3 18. Nxf6+ Qxf6 19. Bxe3 Qxf2 20. Bxf2 Nxc2 21. Rac1 Nb4 22. Rc3 Be2 23. Ra1 Nxd3 24. Bg3 f5 25. Bd6 f4 26. Kg1 g5 27. Bc7 g4 28. d6 f3 29. d7 f2+ 30. Kh1 Red8 31. Bxd8 Rxd8 32. Bf1 Bf3+ 33. Bg2 Ne1 34. Rxf3 gxf3 35. Bf1 Rxd7 36. Bc4+ Kf8 37. h4 Rd4 0-1

[Event "CAN-ch U20"]
[Site "Mississauga CAN"]
[Date "2017.08.12"]
[Round "6.2"]
[White "Liang, Hairan"]
[Black "Song, Terry"]
[Result "1/2-1/2"]
[WhiteElo "2231"]
[BlackElo "2250"]
[WhiteFideId "-1"]
[WhiteFideId "-1"]
[PlyCount "90"]
[GameId "2160767908347488"]
[EventDate "2017.08.09"]
[EventType "swiss"]
[EventRounds "7"]
[EventCountry "CAN"]
[SourceTitle "hb 2017"]

1. e4 c5 2. Nf3 a6 3. c4 e6 4. d4 cxd4 5. Nxd4 Nf6 6. Nc3 d6 7. Be2 Be7 8. O-O O-O 9. Be3 b6 10. f3 Bb7 11. Qd2 Qc7 12. Rac1 Nbd7 13. Rfd1 Rac8 14. Bf1 Qb8 15. Qf2 Bd8 16. Kh1 Bc7 17. Qh4 Ne5 18. b3 Rfe8 19. Bg1 Ng6 20. Qh3 Ne5 21. Qh4 Kh8 22. Nde2 Rg8 23. Qe1 Rge8 24. Qh4 Bd8 25. Qg3 Bc7 26. Qh4 Kg8 27. Qf2 Ng6 28. Rd2 h5 29. Rcd1 h4 30. Rc2 Ba8 31. Rcd2 Nd7 32. Nd4 Bd8 33. Nde2 Bc7 34. Nd4 Nf6 35. Nde2 b5 36. cxb5 axb5 37. b4 d5 38. exd5 Nxd5 39. Nxd5 Bxd5 40. Nd4 h3 41. g3 Bb6 42. Bxh3 Rc3 43. Qe1 Bxd4 44. Bxd4 Bxf3+ 45. Bg2 Bxg2+ 1/2-1/2

[Event "CAN-ch U20"]
[Site "Mississauga CAN"]
[Date "2017.08.12"]
[Round "6.3"]
[White "Chen, Max"]
[Black "Dukic, Zachary"]
[Result "0-1"]
[WhiteElo "1987"]
[BlackElo "2238"]
[WhiteFideId "-1"]
[WhiteFideId "-1"]
[PlyCount "60"]
[GameId "2160767908347489"]
[EventDate "2017.08.09"]
[EventType "swiss"]
[EventRounds "7"]
[EventCountry "CAN"]
[SourceTitle "hb 2017"]

1. e4 e5 2. Nf3 Nc6 3. Bc4 Bc5 4. O-O Nf6 5. d3 a6 6. a3 Ba7 7. Ba2 d6 8. Nc3 h6 9. Ne2 Bg4 10. Ng3 Nd4 11. c3 Nxf3+ 12. gxf3 Bh3 13. Re1 g5 14. Be3 Qe7 15. Bxa7 Rxa7 16. d4 Nd7 17. b4 h5 18. c4 Qf6 19. d5 g4 20. fxg4 Bxg4 21. Qd3 Rg8 22. f3 Bh3 23. Kf2 h4 24. Ne2 Rg2+ 25. Ke3 Qg5+ 26. f4 exf4+ 27. Nxf4 Rg4 28. Rf1 Ne5 29. Qe2 Bxf1 30. Rxf1 Ng6 0-1

[Event "CAN-ch U20"]
[Site "Mississauga CAN"]
[Date "2017.08.12"]
[Round "6.4"]
[White "Li, William"]
[Black "Nasir, Zehn"]
[Result "1/2-1/2"]
[WhiteElo "2142"]
[BlackElo "2221"]
[WhiteFideId "-1"]
[WhiteFideId "-1"]
[PlyCount "107"]
[GameId "2160767908347490"]
[EventDate "2017.08.09"]
[EventType "swiss"]
[EventRounds "7"]
[EventCountry "CAN"]
[SourceTitle "hb 2017"]

1. e4 c6 2. d4 d5 3. Nc3 dxe4 4. Nxe4 Bf5 5. Ng3 Bg6 6. Nf3 Nd7 7. h4 h6 8. Bd3 Bxd3 9. Qxd3 e6 10. Bf4 Qa5+ 11. c3 Ngf6 12. O-O Be7 13. Rfe1 Nh5 14. Be5 Nxg3 15. Bxg3 O-O 16. Ne5 Rfd8 17. Qe2 Nxe5 18. Bxe5 Bd6 19. g4 Bxe5 20. dxe5 Qa4 21. Qf3 Rd2 22. Re4 Qc2 23. Rae1 Rad8 24. Kg2 Rd1 25. Rxd1 Qxd1 26. Qxd1 Rxd1 27. Re2 Rd3 28. f3 Kf8 29. Kf2 Ke7 30. Re3 Rd2+ 31. Re2 Rd5 32. f4 g6 33. Re4 Rb5 34. b4 a5 35. a4 Rd5 36. bxa5 Rxa5 37. Rb4 b5 38. axb5 cxb5 39. c4 Ra2+ 40. Kg3 Ra3+ 41. Kg2 Ra2+ 42. Kg3 bxc4 43. Rxc4 Kf8 44. h5 Ra3+ 45. Kh4 gxh5 46. gxh5 Rf3 47. Kg4 Rf1 48. Ra4 Kg7 49. Rb4 Rg1+ 50. Kh4 Rh1+ 51. Kg4 f5+ 52. exf6+ Kxf6 53. Rb5 Rd1 54. Ra5 1/2-1/2

[Event "CAN-ch U20"]
[Site "Mississauga CAN"]
[Date "2017.08.12"]
[Round "6.6"]
[White "Issani, Nameer"]
[Black "Zhao, Harry"]
[Result "1/2-1/2"]
[WhiteElo "2072"]
[BlackElo "2195"]
[WhiteFideId "-1"]
[WhiteFideId "-1"]
[PlyCount "69"]
[GameId "2160767908347492"]
[EventDate "2017.08.09"]
[EventType "swiss"]
[EventRounds "7"]
[EventCountry "CAN"]
[SourceTitle "hb 2017"]

1. d4 d5 2. c4 c6 3. Nc3 Nf6 4. e3 e6 5. Nf3 Bd6 6. Qc2 Nbd7 7. b3 O-O 8. Bd3 Qc7 9. Bb2 b6 10. Rc1 a6 11. O-O Bb7 12. e4 dxe4 13. Nxe4 Nxe4 14. Bxe4 h6 15. h3 c5 16. Rcd1 cxd4 17. Bxb7 Qxb7 18. Rxd4 Be7 19. Rfd1 Nf6 20. Ne5 Rfd8 21. Qe2 Rxd4 22. Rxd4 Rd8 23. Ng4 Rxd4 24. Bxd4 Nd7 25. Ne5 Nxe5 26. Qxe5 Bf6 27. Qd6 Bxd4 28. Qd8+ Kh7 29. Qxd4 Qc6 30. b4 e5 31. Qc3 Kg6 32. f3 Kf5 33. Kf2 Ke6 34. Ke3 f5 35. Qd3 1/2-1/2

[Event "CAN-ch U20"]
[Site "Mississauga CAN"]
[Date "2017.08.12"]
[Round "6.7"]
[White "Huang, Youhe"]
[Black "Maulucci, Anthony"]
[Result "1-0"]
[WhiteElo "1680"]
[BlackElo "2087"]
[WhiteFideId "-1"]
[WhiteFideId "-1"]
[PlyCount "69"]
[GameId "2160767908347493"]
[EventDate "2017.08.09"]
[EventType "swiss"]
[EventRounds "7"]
[EventCountry "CAN"]
[SourceTitle "hb 2017"]

1. e4 e6 2. d4 d5 3. Nc3 Nf6 4. Bg5 dxe4 5. Nxe4 Be7 6. Bxf6 Bxf6 7. Nf3 O-O 8. h4 b6 9. Bd3 Nd7 10. Neg5 h6 11. Be4 Rb8 12. Qd3 Bxg5 13. Bh7+ Kh8 14. hxg5 f5 15. gxf6 Nxf6 16. Bg6 Qd5 17. Qd2 Kg8 18. Ne5 c5 19. c3 cxd4 20. cxd4 Ne4 21. Qb4 Nxf2 22. Rxh6 gxh6 23. Qe7 Nd3+ 24. Bxd3 Rf5 25. Qe8+ Kg7 26. Bxf5 exf5 27. Qg6+ Kf8 28. Qxh6+ Ke8 29. Qh8+ Ke7 30. Qg7+ Kd6 31. Qf8+ Kc7 32. Qe7+ Bd7 33. Rc1+ Kb7 34. Nxd7 Rh8 35. Nf6+ 1-0